Central Library and Information Centre
Sibsagar Girls' College, Sivasagar : Assam

A COURSE IN LISTENING & SPEAKING ( I) WITH CD (Record no. 16751)

MARC details
000 -LEADER
fixed length control field 00615cam a2200217ua 4500
008 - FIXED-LENGTH DATA ELEMENTS--GENERAL INFORMATION
fixed length control field 161116n2009 II |||gr||||Z||||||eng
020 ## - INTERNATIONAL STANDARD BOOK NUMBER
International Standard Book Number 978-81-7596-334-4
040 ## - CATALOGING SOURCE
Original cataloging agency MAIN
041 ## - LANGUAGE CODE
-- English
100 ## - MAIN ENTRY--PERSONAL NAME
Personal name SASHI KUMAR , V .
245 ## - TITLE STATEMENT
Title A COURSE IN LISTENING & SPEAKING ( I) WITH CD
250 ## - EDITION STATEMENT
Edition statement 1ST.
260 ## - PUBLICATION, DISTRIBUTION, ETC.
Place of publication, distribution, etc. LONDON
Name of publisher, distributor, etc. CAMBRIDGE UNIVERSITY PRESS
Date of publication, distribution, etc. 2009
300 ## - PHYSICAL DESCRIPTION
Extent 154:
Dimensions 22CM.
700 ## - ADDED ENTRY--PERSONAL NAME
Personal name SASHI KUMAR , V .,
Relator term AUTHOR.
700 ## - ADDED ENTRY--PERSONAL NAME
Personal name DUTTA , P. KIRANMAI .,
Relator term AUTHOR.,
700 ## - ADDED ENTRY--PERSONAL NAME
Personal name RAJEEVAN, GEETHA.,
Relator term AUTHOR.,
942 ## - ADDED ENTRY ELEMENTS (KOHA)
Koha item type Books
653 ## - INDEX TERM--UNCONTROLLED
Uncontrolled term Standard usage & applied linguistics

No items available.



Sibsagar Girl's College © 2020. All rights reserved.
Powered by Koha.
Maintained by Abhijit Borpuzari.